00872nam a2200217 i 450000100060000000300090000600500170001500700030003200800410003502000180007610000310009424501290012526000920025430000210034649000620036750400400042965000210046971000700049083000620056085200320062270191ES-MaACL20230906170739.0t|040720s1982 sp ||||1| spa d a84-7481-188-01 aGarcía Pérez, Jesús.13aLa sinfisiotomía b: su incorporación a la tocurgia en Europa : su divulgación en Europa / cJesús García Pérez. aSalamanca : b[Universidad de Salamanca, Cátedra de Historia de la Medicina], c1982. a52 p. ; c20 cm.1 aTrabajos de la Cátedra de Historia de la Medicina ; v9 aBibliografía: p. 47-52. Índice.14aSinfisiotomía.2 aUniversidad de Salamanca. bCátedra de Historia de la Medicina.0 aTrabajos de la Cátedra de Historia de la Medicina ; v9 aES-MaACLjL-2690 bR.103426